Witamy w Bibliotece Naukowej Instytutu Łączności!

Zur Planung einer PCM-System-Hierarchie / (Rekord nr 5938)

000 -LEADER
fixed length control field 00268 a2200085 4500
100 1# - MAIN ENTRY--PERSONAL NAME
Personal name Geissler, Helmut.
Relator term Autor
245 0# - TITLE STATEMENT
Title Zur Planung einer PCM-System-Hierarchie /
Statement of responsibility, etc Geissler Helmut.
260 ## - PUBLICATION, DISTRIBUTION, ETC. (IMPRINT)
Place of publication, distribution, etc Berlin :
Name of publisher, distributor, etc VDE Verlag,
Date of publication, distribution, etc 1971.
300 ## - PHYSICAL DESCRIPTION
Extent 32 s.;
Dimensions 24 cm.
710 2# - ADDED ENTRY--CORPORATE NAME
Corporate name or jurisdiction name as entry element VDE Verlag.
Relator term Wydawca
Relator code pbl
Egzemplarze
Withdrawn status Lost status Source of classification or shelving scheme Damaged status Not for loan Permanent Location Current Location Shelving location Date acquired Cost, normal purchase price Inventory number Full call number Barcode Date last seen Price effective from Koha item type
          Instytut Łączności Instytut Łączności Magazyn 1973-04-03 0.00 28769 28769 28769 2022-08-08 2017-11-30 Książki

Działa dzięki Koha